[Event "3rd Memorial Warakomska 2019"]
[Site "Suwalki"]
[Date "2019.08.08"]
[Round "5.14"]
[White "Janik, Igor"]
[Black "Pniaczek, Marek"]
[Result "1-0"]
[WhiteElo "2495"]
[BlackElo "2276"]
[Annotator "ChessBase"]
[PlyCount "94"]
[EventDate "2019.08.05"]
[EventType "swiss"]
[EventCountry "POL"]
[SourceTitle "playchess.com"]
[Source "ChessBase"]
[SourceQuality "1"]
[TimeControl "40/5400+30:1800+30"]

1. d4 {[%emt 0:00:00]} Nf6 {[%emt 0:00:00]} 2. c4 {[%emt 0:00:00]} g6 {[%emt 0:00:00]} 3. Nf3 {[%emt 0:00:10]} Bg7 {[%emt 0:00:00]} 4. g3 {[%emt 0:00:07]} d5 {[%emt 0:00:02]} 5. Bg2 {[%emt 0:00:13]} O-O {[%emt 0:00:10]} 6. O-O {[%emt 0:00:17]} Nc6 {[%emt 0:00:11]} 7. cxd5 {[%emt 0:00:27]} Nxd5 {[%emt 0:00:07]} 8. Nc3 {[%emt 0:00:17]} e5 {[%emt 0:00:04]} 9. Bg5 {[%emt 0:00:20]} Nxc3 {[%emt 0:00:05]} 10. bxc3 {[%emt 0:00:21]} f6 {[%emt 0:00:14]} 11. Be3 {[%emt 0:01:31]} e4 {[%emt 0:00:40]} 12. Nd2 {[%emt 0:00:50]} f5 {[%emt 0:00:17]} 13. f3 {[%emt 0:01:14]} exf3 {[%emt 0:01:12]} 14. Bxf3 {[%emt 0:01:14]} Na5 {[%emt 0:03:18]} 15. Rc1 {[%emt 0:06:21]} Re8 {[%emt 0:13:34]} 16. Bf2 {[%emt 0:00:35]} Be6 {[%emt 0:01:10]} 17. Qa4 {[%emt 0:01:15]} c6 {[%emt 0:00:48]} 18. Rfe1 {[%emt 0:13:15]} Bh6 {[%emt 0:15:05]} 19. e3 {[%emt 0:01:17]} b5 {[%emt 0:03:14]} 20. Qb4 {[%emt 0:07:00]} Bf8 {[%emt 0:01:31]} 21. Qb1 {[%emt 0:00:53]} Bd5 {[%emt 0:00:51]} 22. e4 {[%emt 0:01:20]} fxe4 {[%emt 0:00:21]} 23. Nxe4 {[%emt 0:00:13]} Nc4 {[%emt 0:02:23]} 24. Re2 {[%emt 0:02:26]} Bh6 {[%emt 0:16:09]} 25. Rce1 {[%emt 0:02:58]} Rf8 {[%emt 0:24:33]} 26. Bg2 {[%emt 0:02:58]} Kh8 {[%emt 0:01:23]} 27. Qc2 {[%emt 0:13:45]} Na3 {[%emt 0:01:00]} 28. Qd1 {[%emt 0:00:18]} Nc4 {[%emt 0:00:08]} 29. Qd3 {[%emt 0:01:19]} Qd7 {[%emt 0:00:42]} 30. Nc5 {[%emt 0:01:32]} Qf7 {[%emt 0:00:19]} 31. Bxd5 {[%emt 0:06:15]} Qxd5 {[%emt 0:00:06]} 32. g4 {[%emt 0:01:12]} Bf4 {[%emt 0:06:50]} 33. Bg3 {[%emt 0:05:38]} Bxg3 {[%emt 0:02:16]} 34. Qxg3 {[%emt 0:00:04]} Qf3 {[%emt 0:01:31]} 35. Qh4 {[%emt 0:03:38]} g5 {[%emt 0:01:20]} 36. Qh5 {[%emt 0:01:18]} Rae8 {[%emt 0:01:02]} 37. Qxe8 {[%emt 0:01:49]} Rxe8 {[%emt 0:00:17]} 38. Rxe8+ {[%emt 0:00:14]} Kg7 {[%emt 0:00:02]} 39. R8e7+ {[%emt 0:01:29]} Kg8 {[%emt 0:01:04]} 40. Re8+ {[%emt 0:00:00]} Kg7 {[%emt 0:00:00]} 41. Ne6+ {[%emt 0:14:36]} Kh6 {[%emt 0:01:47]} 42. Rf8 {[%emt 0:00:03]} Qxg4+ {[%emt 0:01:16]} 43. Kh1 {[%emt 0:00:03]} Kg6 {[%emt 0:06:06]} 44. Nxg5 {[%emt 0:00:53]} Qd7 {[%emt 0:03:29]} 45. Rg1 {[%emt 0:01:57]} Qd5+ {[%emt 0:01:58]} 46. Ne4+ {[%emt 0:00:31]} Kh6 {[%emt 0:00:07]} 47. Rf6+ {[%emt 0:00:09]} Kh5 {[%emt 0:00:01]} 1-0

[Event "3rd Memorial Warakomska 2019"]
[Site "Suwalki"]
[Date "2019.08.08"]
[Round "5.15"]
[White "Szpar, Milosz"]
[Black "Barski, Radoslaw"]
[Result "1-0"]
[WhiteElo "2289"]
[BlackElo "2468"]
[Annotator "ChessBase"]
[PlyCount "79"]
[EventDate "2019.08.05"]
[EventType "swiss"]
[EventCountry "POL"]
[SourceTitle "playchess.com"]
[Source "ChessBase"]
[SourceQuality "1"]
[TimeControl "40/5400+30:1800+30"]

1. e4 {[%emt 0:00:00]} e5 {[%emt 0:00:00]} 2. Nf3 {[%emt 0:00:00]} Nc6 {[%emt 0:00:00]} 3. Bb5 {[%emt 0:00:00]} a6 {[%emt 0:00:00]} 4. Ba4 {[%emt 0:00:06]} Nf6 {[%emt 0:00:04]} 5. O-O {[%emt 0:00:11]} b5 {[%emt 0:00:08]} 6. Bb3 {[%emt 0:00:06]} Bb7 {[%emt 0:00:05]} 7. Re1 {[%emt 0:04:57]} Bc5 {[%emt 0:01:47]} 8. c3 {[%emt 0:01:17]} d6 {[%emt 0:00:07]} 9. d4 {[%emt 0:00:33]} Bb6 {[%emt 0:00:09]} 10. a4 {[%emt 0:02:43]} O-O {[%emt 0:01:22]} 11. h3 {[%emt 0:07:20]} h6 {[%emt 0:00:30]} 12. d5 {[%emt 0:04:51]} Ne7 {[%emt 0:01:28]} 13. Be3 {[%emt 0:05:48]} Bxe3 {[%emt 0:05:54]} 14. Rxe3 {[%emt 0:00:07]} c6 {[%emt 0:01:14]} 15. dxc6 {[%emt 0:01:43]} Bxc6 {[%emt 0:00:07]} 16. Nbd2 {[%emt 0:00:38]} Qc7 {[%emt 0:01:31]} 17. Bc2 {[%emt 0:09:23]} Rfe8 {[%emt 0:03:03]} 18. Qe1 {[%emt 0:21:10]} Rab8 {[%emt 0:04:58]} 19. axb5 {[%emt 0:03:08]} axb5 {[%emt 0:00:06]} 20. Nf1 {[%emt 0:03:11]} d5 {[%emt 0:09:23]} 21. Ng3 {[%emt 0:05:06]} dxe4 {[%emt 0:02:48]} 22. Nxe4 {[%emt 0:00:41]} Nfd5 {[%emt 0:00:17]} 23. Re2 {[%emt 0:02:01]} Nf4 {[%emt 0:02:33]} 24. Rd2 {[%emt 0:01:19]} f5 {[%emt 0:04:10]} 25. Nd6 {[%emt 0:03:36]} Bxf3 {[%emt 0:28:27]} 26. Nxe8 {[%emt 0:09:03]} Rxe8 {[%emt 0:00:06]} 27. gxf3 {[%emt 0:01:03]} Nxh3+ {[%emt 0:04:01]} 28. Kf1 {[%emt 0:03:01]} Qc4+ {[%emt 0:03:26]} 29. Bd3 {[%emt 0:01:57]} Qh4 {[%emt 0:00:09]} 30. Ke2 {[%emt 0:00:49]} e4 {[%emt 0:05:39]} 31. Bxb5 {[%emt 0:01:38]} Qh5 {[%emt 0:01:23]} 32. Kd1 {[%emt 0:01:13]} Rf8 {[%emt 0:04:39]} 33. Ra7 {[%emt 0:01:36]} Nc8 {[%emt 0:01:59]} 34. Rb7 {[%emt 0:02:43]} Qxf3+ {[%emt 0:05:04]} 35. Be2 {[%emt 0:00:41]} Nxf2+ {[%emt 0:02:58]} 36. Qxf2 {[%emt 0:00:26]} Qxf2 {[%emt 0:00:28]} 37. Bc4+ {[%emt 0:00:05]} Kh8 {[%emt 0:00:01]} 38. Rxf2 {[%emt 0:00:06]} Nd6 {[%emt 0:00:01]} 39. Rb4 {[%emt 0:02:39]} f4 {[%emt 0:00:06]} 40. Bd5 {[%emt 0:00:00]} 1-0

[Event "3rd Memorial Warakomska 2019"]
[Site "Suwalki"]
[Date "2019.08.08"]
[Round "5.16"]
[White "Budrewicz, Krzysztof"]
[Black "Cukrowski, Filip"]
[Result "1/2-1/2"]
[WhiteElo "2188"]
[BlackElo "2421"]
[Annotator "NA"]
[PlyCount "105"]
[EventDate "2019.08.05"]
[EventType "swiss"]
[EventCountry "POL"]
[SourceTitle "playchess.com"]
[Source "ChessBase"]
[SourceQuality "1"]
[TimeControl "40/5400+30:1800+30"]

1. d4 {[%emt 0:00:00]} Nf6 {[%emt 0:06:39]} 2. c4 {[%emt 0:00:00]} e6 {[%emt 0:00:04]} 3. Nf3 {[%emt 0:00:13]} b6 {[%emt 0:01:15]} 4. g3 {[%emt 0:00:21]} Ba6 {[%emt 0:00:05]} 5. Qa4 {[%emt 0:00:28]} c6 {[%emt 0:00:44]} 6. Nc3 {[%emt 0:00:29]} d5 {[%emt 0:00:16]} 7. cxd5 {[%emt 0:02:17]} exd5 {[%emt 0:00:42]} 8. Bg2 {[%emt 0:00:18]} b5 {[%emt 0:00:44]} 9. Qc2 {[%emt 0:01:09]} b4 {[%emt 0:00:09]} 10. Na4 {[%emt 0:00:38]} Bb5 {[%emt 0:00:13]} 11. O-O {[%emt 0:07:03]} Nbd7 {[%emt 0:03:22]} 12. Bf4 {[%emt 0:02:15]} Be7 {[%emt 0:02:12]} 13. Ne5 {[%emt 0:06:11]} Nxe5 {[%emt 0:23:56]} 14. Bxe5 {[%emt 0:00:59]} O-O {[%emt 0:01:48]} 15. Bxf6 {[%emt 0:02:14]} Bxf6 {[%emt 0:00:05]} 16. Rfd1 {[%emt 0:00:17]} h5 {[%emt 0:18:41]} 17. Nc5 {[%emt 0:06:58]} h4 {[%emt 0:01:30]} 18. e3 {[%emt 0:03:23]} Qc8 {[%emt 0:01:55]} 19. Rac1 {[%emt 0:01:02]} a5 {[%emt 0:08:48]} 20. Nd3 {[%emt 0:08:36]} g6 {[%emt 0:07:18]} 21. Bf1 {[%emt 0:01:35]} Rd8 {[%emt 0:07:05]} 22. Rd2 {[%emt 0:06:09]} Kg7 {[%emt 0:00:42]} 23. Qd1 {[%emt 0:00:27]} hxg3 {[%emt 0:03:58]} 24. hxg3 {[%emt 0:00:10]} Bxd3 {[%emt 0:00:05]} 25. Bxd3 {[%emt 0:00:42]} Rd6 {[%emt 0:00:52]} 26. Kg2 {[%emt 0:00:32]} a4 {[%emt 0:02:02]} 27. Be2 {[%emt 0:10:39]} Be7 {[%emt 0:00:06]} 28. Bg4 {[%emt 0:03:02]} f5 {[%emt 0:00:08]} 29. Bf3 {[%emt 0:00:09]} Qd7 {[%emt 0:01:07]} 30. Rdc2 {[%emt 0:01:30]} Rf6 {[%emt 0:00:59]} 31. Qd3 {[%emt 0:00:29]} g5 {[%emt 0:00:49]} 32. Rh1 {[%emt 0:00:22]} Rh8 {[%emt 0:02:37]} 33. Rxh8 {[%emt 0:02:55]} Kxh8 {[%emt 0:00:03]} 34. Rc1 {[%emt 0:00:07]} Rh6 {[%emt 0:02:10]} 35. Re1 {[%emt 0:14:28]} Kg7 {[%emt 0:00:19]} 36. Bd1 {[%emt 0:00:22]} a3 {[%emt 0:00:26]} 37. bxa3 {[%emt 0:03:29]} bxa3 {[%emt 0:00:03]} 38. Bc2 {[%emt 0:01:09]} f4 {[%emt 0:01:09]} 39. Qf5 {[%emt 0:00:08]} Qxf5 {[%emt 0:01:24]} 40. Bxf5 {[%emt 0:00:00]} fxg3 {[%emt 0:00:00]} 41. Kxg3 {[%emt 0:02:07]} c5 {[%emt 0:04:07]} 42. dxc5 {[%emt 0:00:11]} Rc6 {[%emt 0:05:24]} 43. Rd1 {[%emt 0:01:27]} Kf6 {[%emt 0:00:04]} 44. Bc2 {[%emt 0:01:42]} Rxc5 {[%emt 0:00:15]} 45. Bb3 {[%emt 0:00:04]} Ke5 {[%emt 0:00:06]} 46. Kg4 {[%emt 0:01:06]} Rb5 {[%emt 0:00:33]} 47. f4+ {[%emt 0:03:05]} gxf4 {[%emt 0:00:04]} 48. exf4+ {[%emt 0:00:04]} Ke6 {[%emt 0:03:13]} 49. Rd3 {[%emt 0:00:42]} Bf6 {[%emt 0:01:31]} 50. Re3+ {[%emt 0:01:21]} Kd6 {[%emt 0:00:54]} 51. Rd3 {[%emt 0:02:27]} Ke6 {[%emt 0:01:57]} 52. Re3+ {[%emt 0:02:21]} Kd6 {[%emt 0:00:04]} 53. Rd3 {[%emt 0:08:43] Ke5} 1/2-1/2

[Event "3rd Memorial Warakomska 2019"]
[Site "Suwalki"]
[Date "2019.08.08"]
[Round "5.17"]
[White "Bachor, Tomasz"]
[Black "Dhulipalla Bala Chandra Prasad"]
[Result "0-1"]
[WhiteElo "2022"]
[BlackElo "2419"]
[Annotator "NA"]
[PlyCount "98"]
[EventDate "2019.08.05"]
[EventType "swiss"]
[EventCountry "POL"]
[SourceTitle "playchess.com"]
[Source "ChessBase"]
[SourceQuality "1"]
[TimeControl "40/5400+30:1800+30"]

1. d4 {[%emt 0:00:00]} d5 {[%emt 0:01:38]} 2. c4 {[%emt 0:00:00]} e6 {[%emt 0:00:05]} 3. Nc3 {[%emt 0:00:00]} a6 {[%emt 0:00:10]} 4. cxd5 {[%emt 0:00:00]} exd5 {[%emt 0:00:06]} 5. Nf3 {[%emt 0:00:04]} Nf6 {[%emt 0:00:02]} 6. Bg5 {[%emt 0:00:12]} Be6 {[%emt 0:00:07]} 7. e3 {[%emt 0:00:32]} Nbd7 {[%emt 0:00:42]} 8. Bd3 {[%emt 0:02:02]} h6 {[%emt 0:00:17]} 9. Bh4 {[%emt 0:06:04]} Be7 {[%emt 0:00:06]} 10. Qc2 {[%emt 0:01:30]} O-O {[%emt 0:03:08]} 11. O-O {[%emt 0:01:08]} c6 {[%emt 0:03:16]} 12. h3 {[%emt 0:08:58]} Bd6 {[%emt 0:08:55]} 13. Ne2 {[%emt 0:05:19]} Rc8 {[%emt 0:04:22]} 14. Rac1 {[%emt 0:04:14]} Re8 {[%emt 0:06:43]} 15. Qb1 {[%emt 0:09:00]} Qc7 {[%emt 0:09:28]} 16. Nd2 {[%emt 0:03:30]} Bb4 {[%emt 0:08:36]} 17. Bg3 {[%emt 0:05:39]} Qb6 {[%emt 0:06:08]} 18. Nc3 {[%emt 0:03:22]} c5 {[%emt 0:05:02]} 19. a3 {[%emt 0:05:39]} c4 {[%emt 0:00:01]} 20. Bc2 {[%emt 0:05:59]} Bd6 {[%emt 0:05:40]} 21. Bxd6 {[%emt 0:05:58]} Qxd6 {[%emt 0:00:06]} 22. Rce1 {[%emt 0:02:23]} b5 {[%emt 0:05:46]} 23. f4 {[%emt 0:02:15]} Nf8 {[%emt 0:00:45]} 24. Nf3 {[%emt 0:01:48]} Rb8 {[%emt 0:01:49]} 25. Ne5 {[%emt 0:02:19]} b4 {[%emt 0:08:23]} 26. axb4 {[%emt 0:00:47]} Rxb4 {[%emt 0:00:39]} 27. Nd1 {[%emt 0:01:16]} Reb8 {[%emt 0:01:10]} 28. Qc1 {[%emt 0:01:05]} Bc8 {[%emt 0:05:45]} 29. Rf2 {[%emt 0:03:00]} Ne8 {[%emt 0:01:35]} 30. g4 {[%emt 0:01:41]} R4b6 {[%emt 0:02:01]} 31. Kh1 {[%emt 0:01:55]} Qe7 {[%emt 0:01:00]} 32. Rg1 {[%emt 0:01:09]} f6 {[%emt 0:03:52]} 33. Nf3 {[%emt 0:03:52]} Nd6 {[%emt 0:01:22]} 34. Rfg2 {[%emt 0:00:15]} Kh8 {[%emt 0:02:03]} 35. h4 {[%emt 0:01:42]} Ne4 {[%emt 0:02:13]} 36. h5 {[%emt 0:04:35]} Qe8 {[%emt 0:01:13]} 37. Bxe4 {[%emt 0:01:54]} Qxe4 {[%emt 0:00:54]} 38. Nd2 {[%emt 0:01:01]} Qe8 {[%emt 0:00:33]} 39. Rh2 {[%emt 0:00:41]} Nh7 {[%emt 0:01:44]} 40. Qc2 {[%emt 0:00:00]} Bd7 {[%emt 0:00:00]} 41. Nf3 {[%emt 0:17:20]} Ba4 {[%emt 0:05:25]} 42. Qf5 {[%emt 0:05:21]} Bxd1 {[%emt 0:07:09]} 43. Rxd1 {[%emt 0:00:05]} Qxe3 {[%emt 0:01:25]} 44. Nh4 {[%emt 0:04:06]} Nf8 {[%emt 0:03:37]} 45. Ng6+ {[%emt 0:06:07]} Nxg6 {[%emt 0:00:50]} 46. hxg6 {[%emt 0:00:41]} Qf3+ {[%emt 0:00:13]} 47. Rg2 {[%emt 0:00:04]} Rxb2 {[%emt 0:01:08]} 48. Rdg1 {[%emt 0:00:25]} Qh3+ {[%emt 0:00:10]} 49. Rh2 {[%emt 0:00:03]} Rxh2# {[%emt 0:00:06]} 0-1

[Event "3rd Memorial Warakomska 2019"]
[Site "Suwalki"]
[Date "2019.08.08"]
[Round "5.18"]
[White "Czarnota, Pawel"]
[Black "Efroimski, Marsel"]
[Result "1-0"]
[WhiteElo "2534"]
[BlackElo "2318"]
[Annotator "ChessBase"]
[PlyCount "129"]
[EventDate "2019.08.05"]
[EventType "swiss"]
[EventCountry "POL"]
[SourceTitle "playchess.com"]
[Source "ChessBase"]
[SourceQuality "1"]
[TimeControl "40/5400+30:1800+30"]

1. e4 {[%emt 0:00:00]} e6 {[%emt 0:00:00]} 2. d4 {[%emt 0:00:32]} d5 {[%emt 0:00:00]} 3. Nd2 {[%emt 0:00:34]} c5 {[%emt 0:00:00]} 4. exd5 {[%emt 0:00:30]} Qxd5 {[%emt 0:00:00]} 5. Ngf3 {[%emt 0:00:15]} cxd4 {[%emt 0:00:08]} 6. Bc4 {[%emt 0:00:07]} Qd6 {[%emt 0:00:02]} 7. O-O {[%emt 0:00:10]} Nf6 {[%emt 0:00:01]} 8. Nb3 {[%emt 0:00:11]} Nc6 {[%emt 0:00:02]} 9. Nbxd4 {[%emt 0:00:16]} Nxd4 {[%emt 0:00:03]} 10. Nxd4 {[%emt 0:00:36]} Be7 {[%emt 0:00:04]} 11. c3 {[%emt 0:08:56]} O-O {[%emt 0:01:01]} 12. Qf3 {[%emt 0:01:07]} Qc7 {[%emt 0:00:15]} 13. Bb3 {[%emt 0:01:22]} a5 {[%emt 0:00:17]} 14. a4 {[%emt 0:07:34]} Bd7 {[%emt 0:03:16]} 15. Re1 {[%emt 0:03:13]} Bc6 {[%emt 0:07:02]} 16. Nxc6 {[%emt 0:00:36]} bxc6 {[%emt 0:00:10]} 17. Bc4 {[%emt 0:06:46]} Rfd8 {[%emt 0:04:30]} 18. g3 {[%emt 0:01:26]} Qb6 {[%emt 0:03:33]} 19. Qe2 {[%emt 0:03:20]} Nd5 {[%emt 0:16:12]} 20. h4 {[%emt 0:00:46]} h6 {[%emt 0:04:46]} 21. Kg2 {[%emt 0:04:38]} Rd7 {[%emt 0:03:57]} 22. Bd3 {[%emt 0:10:27]} Rad8 {[%emt 0:03:16]} 23. Bc2 {[%emt 0:00:07]} Qc5 {[%emt 0:03:35]} 24. Qf3 {[%emt 0:04:00]} Nf6 {[%emt 0:09:06]} 25. Be3 {[%emt 0:02:44]} Qd5 {[%emt 0:00:31]} 26. Rad1 {[%emt 0:00:32]} Qxf3+ {[%emt 0:02:10]} 27. Kxf3 {[%emt 0:00:07]} Nd5 {[%emt 0:04:01]} 28. Bc1 {[%emt 0:02:27]} Bf6 {[%emt 0:06:05]} 29. Re4 {[%emt 0:01:00]} Rb7 {[%emt 0:02:46]} 30. Rc4 {[%emt 0:00:47]} Rb6 {[%emt 0:03:27]} 31. Rc5 {[%emt 0:02:20]} Ra8 {[%emt 0:00:09]} 32. Ke2 {[%emt 0:01:46]} Be7 {[%emt 0:00:54]} 33. Rc4 {[%emt 0:00:06]} Rab8 {[%emt 0:02:07]} 34. h5 {[%emt 0:02:19]} f5 {[%emt 0:05:23]} 35. g4 {[%emt 0:03:41]} Bg5 {[%emt 0:07:03]} 36. f4 {[%emt 0:03:04]} Rxb2 {[%emt 0:03:58]} 37. Bxb2 {[%emt 0:02:41]} Nxf4+ {[%emt 0:01:17]} 38. Rxf4 {[%emt 0:02:12]} Rxb2 {[%emt 0:00:12]} 39. Rc4 {[%emt 0:01:01]} Rxc2+ {[%emt 0:00:23]} 40. Kd3 {[%emt 0:00:00]} Ra2 {[%emt 0:00:00]} 41. gxf5 {[%emt 0:07:51]} exf5 {[%emt 0:01:03]} 42. Rxc6 {[%emt 0:08:25]} Rxa4 {[%emt 0:03:40]} 43. c4 {[%emt 0:05:25]} Bf6 {[%emt 0:09:15]} 44. Rf1 {[%emt 0:04:29]} Ra3+ {[%emt 0:00:52]} 45. Kc2 {[%emt 0:01:21]} Rc3+ {[%emt 0:09:37]} 46. Kb1 {[%emt 0:07:44]} a4 {[%emt 0:04:04]} 47. Rxf5 {[%emt 0:00:26]} Rh3 {[%emt 0:06:03]} 48. Ra6 {[%emt 0:05:47]} a3 {[%emt 0:01:28]} 49. Ka2 {[%emt 0:01:04]} Rc3 {[%emt 0:05:34]} 50. c5 {[%emt 0:00:51]} Kf7 {[%emt 0:00:52]} 51. Rxa3 {[%emt 0:00:58]} Rc1 {[%emt 0:00:37]} 52. Re3 {[%emt 0:01:57]} g6 {[%emt 0:00:18]} 53. hxg6+ {[%emt 0:01:01]} Kxg6 {[%emt 0:00:02]} 54. Rd5 {[%emt 0:00:05]} Bg5 {[%emt 0:01:02]} 55. Re4 {[%emt 0:01:59]} Bf6 {[%emt 0:00:47]} 56. Kb3 {[%emt 0:03:35]} h5 {[%emt 0:00:10]} 57. Rc4 {[%emt 0:00:27]} Rb1+ {[%emt 0:00:22]} 58. Ka4 {[%emt 0:00:44]} h4 {[%emt 0:00:27]} 59. c6 {[%emt 0:00:56]} h3 {[%emt 0:00:43]} 60. c7 {[%emt 0:01:02]} Ra1+ {[%emt 0:00:46]} 61. Kb5 {[%emt 0:00:58]} Rb1+ {[%emt 0:00:15]} 62. Rb4 {[%emt 0:01:14]} Rc1 {[%emt 0:00:16]} 63. Rc5 {[%emt 0:00:21]} Rxc5+ {[%emt 0:00:39]} 64. Kxc5 {[%emt 0:00:05]} h2 {[%emt 0:00:48]} 65. Rb1 {[%emt 0:00:10]} 1-0

[Event "3rd Memorial Warakomska 2019"]
[Site "Suwalki"]
[Date "2019.08.08"]
[Round "5.19"]
[White "Skawinski, Arkadiusz"]
[Black "Sernecki, Franciszek"]
[Result "1-0"]
[WhiteElo "2398"]
[BlackElo "2275"]
[Annotator "NA"]
[PlyCount "99"]
[EventDate "2019.08.05"]
[EventType "swiss"]
[EventCountry "POL"]
[SourceTitle "playchess.com"]
[Source "ChessBase"]
[SourceQuality "1"]
[TimeControl "40/5400+30:1800+30"]

1. e4 {[%emt 0:01:44]} c5 {[%emt 0:00:00]} 2. Nf3 {[%emt 0:00:04]} e6 {[%emt 0:00:00]} 3. b3 {[%emt 0:00:06]} b6 {[%emt 0:01:43]} 4. Bd3 {[%emt 0:00:15]} Nc6 {[%emt 0:00:18]} 5. O-O {[%emt 0:01:39]} Nf6 {[%emt 0:01:32]} 6. e5 {[%emt 0:02:25]} Ng4 {[%emt 0:00:40]} 7. Bb2 {[%emt 0:05:01]} d6 {[%emt 0:02:23]} 8. exd6 {[%emt 0:09:39]} Bxd6 {[%emt 0:00:47]} 9. Na3 {[%emt 0:02:28]} Bb7 {[%emt 0:12:16]} 10. Nc4 {[%emt 0:00:51]} Bc7 {[%emt 0:07:48]} 11. h3 {[%emt 0:06:22]} Nf6 {[%emt 0:03:58]} 12. Re1 {[%emt 0:04:52]} O-O {[%emt 0:02:39]} 13. Bf1 {[%emt 0:04:10]} Qe7 {[%emt 0:12:49]} 14. g3 {[%emt 0:10:08]} Rad8 {[%emt 0:06:47]} 15. Bg2 {[%emt 0:00:36]} Bb8 {[%emt 0:03:12]} 16. a4 {[%emt 0:06:47]} Nd4 {[%emt 0:04:01]} 17. Nxd4 {[%emt 0:02:45]} Bxg2 {[%emt 0:04:04]} 18. Kxg2 {[%emt 0:00:02]} cxd4 {[%emt 0:00:17]} 19. Qf3 {[%emt 0:05:34]} Qd7 {[%emt 0:02:44]} 20. d3 {[%emt 0:07:08]} Rfe8 {[%emt 0:04:04]} 21. h4 {[%emt 0:04:34]} e5 {[%emt 0:02:44]} 22. Re2 {[%emt 0:02:02]} Re6 {[%emt 0:02:04]} 23. Rae1 {[%emt 0:03:02]} Rde8 {[%emt 0:00:32]} 24. c3 {[%emt 0:01:30]} Nd5 {[%emt 0:10:29]} 25. cxd4 {[%emt 0:00:37]} Rf6 {[%emt 0:00:25]} 26. Qh5 {[%emt 0:06:52]} Rf5 {[%emt 0:01:27]} 27. Rxe5 {[%emt 0:03:26]} Bxe5 {[%emt 0:06:41]} 28. Qe2 {[%emt 0:00:03]} Rf6 {[%emt 0:03:30]} 29. dxe5 {[%emt 0:01:07]} Rfe6 {[%emt 0:01:59]} 30. Qe4 {[%emt 0:02:40]} Nb4 {[%emt 0:01:08]} 31. d4 {[%emt 0:00:21]} Qc6 {[%emt 0:00:49]} 32. f4 {[%emt 0:01:54]} Qxe4+ {[%emt 0:01:05]} 33. Rxe4 {[%emt 0:00:03]} f5 {[%emt 0:00:16]} 34. Re2 {[%emt 0:00:13]} Rc8 {[%emt 0:00:53]} 35. Nd6 {[%emt 0:00:42]} Rc7 {[%emt 0:00:48]} 36. Nxf5 {[%emt 0:01:12]} Nd5 {[%emt 0:00:28]} 37. Nd6 {[%emt 0:00:47]} g6 {[%emt 0:00:22]} 38. Kf3 {[%emt 0:00:34]} h5 {[%emt 0:00:28]} 39. Nb5 {[%emt 0:00:51]} Rf7 {[%emt 0:00:45]} 40. Rc2 {[%emt 0:00:00]} a6 {[%emt 0:00:00]} 41. Nd6 {[%emt 0:01:23]} Rd7 {[%emt 0:07:35]} 42. Ba3 {[%emt 0:00:44]} Kg7 {[%emt 0:00:30]} 43. Rc8 {[%emt 0:02:17]} Kh7 {[%emt 0:02:39]} 44. Ne8 {[%emt 0:02:36]} b5 {[%emt 0:01:01]} 45. Bd6 {[%emt 0:03:10]} bxa4 {[%emt 0:01:29]} 46. bxa4 {[%emt 0:00:05]} Nb6 {[%emt 0:01:30]} 47. Rb8 {[%emt 0:01:34]} Nxa4 {[%emt 0:03:14]} 48. Nf6+ {[%emt 0:01:08]} Rxf6 {[%emt 0:00:05]} 49. exf6 {[%emt 0:00:01]} Rxd6 {[%emt 0:00:42]} 50. f7 {[%emt 0:00:09]} 1-0

[Event "3rd Memorial Warakomska 2019"]
[Site "Suwalki"]
[Date "2019.08.08"]
[Round "5.20"]
[White "Karavade, Eesha"]
[Black "Jaroch, Karol"]
[Result "1/2-1/2"]
[WhiteElo "2355"]
[BlackElo "2221"]
[Annotator "NA"]
[PlyCount "72"]
[EventDate "2019.08.05"]
[EventType "swiss"]
[EventCountry "POL"]
[SourceTitle "playchess.com"]
[Source "ChessBase"]
[SourceQuality "1"]
[TimeControl "40/5400+30:1800+30"]

1. d4 {[%emt 0:00:00]} e6 {[%emt 0:00:00]} 2. c4 {[%emt 0:00:00]} Nf6 {[%emt 0:00:00]} 3. g3 {[%emt 0:00:06]} Bb4+ {[%emt 0:03:01]} 4. Bd2 {[%emt 0:00:30]} Qe7 {[%emt 0:00:11]} 5. Bg2 {[%emt 0:00:08]} O-O {[%emt 0:00:07]} 6. Nf3 {[%emt 0:01:53]} Bxd2+ {[%emt 0:00:12]} 7. Qxd2 {[%emt 0:01:11]} d6 {[%emt 0:03:14]} 8. Nc3 {[%emt 0:00:44]} Nbd7 {[%emt 0:04:09]} 9. O-O {[%emt 0:00:10]} e5 {[%emt 0:07:57]} 10. Rfe1 {[%emt 0:01:34]} Nb6 {[%emt 0:06:31]} 11. b3 {[%emt 0:00:39]} Bg4 {[%emt 0:01:21]} 12. Nh4 {[%emt 0:13:35]} c6 {[%emt 0:12:49]} 13. h3 {[%emt 0:00:07]} Be6 {[%emt 0:01:51]} 14. e4 {[%emt 0:00:32]} Rad8 {[%emt 0:05:52]} 15. Nf3 {[%emt 0:02:37]} Qd7 {[%emt 0:06:35]} 16. Kh2 {[%emt 0:01:49]} exd4 {[%emt 0:00:35]} 17. Qxd4 {[%emt 0:09:49]} Qc7 {[%emt 0:01:52]} 18. Rac1 {[%emt 0:01:37]} a5 {[%emt 0:06:02]} 19. Qd2 {[%emt 0:04:51]} a4 {[%emt 0:01:30]} 20. Nd4 {[%emt 0:00:06]} axb3 {[%emt 0:00:14]} 21. axb3 {[%emt 0:00:03]} Nbd7 {[%emt 0:04:28]} 22. f4 {[%emt 0:03:02]} Nc5 {[%emt 0:00:18]} 23. b4 {[%emt 0:06:23]} Bxc4 {[%emt 0:01:07]} 24. e5 {[%emt 0:12:32]} dxe5 {[%emt 0:02:40]} 25. fxe5 {[%emt 0:00:02]} Nb3 {[%emt 0:12:26]} 26. Nxb3 {[%emt 0:00:30]} Rxd2 {[%emt 0:00:19]} 27. Nxd2 {[%emt 0:00:03]} Bd5 {[%emt 0:00:32]} 28. exf6 {[%emt 0:01:17]} Bxg2 {[%emt 0:00:04]} 29. Kxg2 {[%emt 0:00:05]} Rd8 {[%emt 0:01:26]} 30. Nde4 {[%emt 0:03:08]} Qe5 {[%emt 0:01:06]} 31. fxg7 {[%emt 0:05:32]} Rd3 {[%emt 0:00:20]} 32. g4 {[%emt 0:06:20]} f5 {[%emt 0:02:04]} 33. gxf5 {[%emt 0:03:49]} Qxg7+ {[%emt 0:00:06]} 34. Kf2 {[%emt 0:01:33]} Qd4+ {[%emt 0:00:33]} 35. Kg2 {[%emt 0:00:47]} Qg7+ {[%emt 0:02:54]} 36. Kf2 {[%emt 0:00:09]} Qd4+ {[%emt 0:00:09]} 1/2-1/2